The bad beginning / (Registro nro. 10917)
[ vista simple ]
| 000 -LIDER | |
|---|---|
| fixed length control field | 00740nam a22002537a 4500 |
| 001 - NÚMERO DE CONTROL | |
| Identificador de número de control | 000396 |
| 003 - IDENTIFICACDOR DE NÚMERO DE CONTROL | |
| control field | DO-SdBNP |
| 005 - DATE AND TIME OF LATEST TRANSACTION | |
| control field | 20180118134053.0 |
| 007 - CAMPOS FIJOS DE DESCRIPCIÓN FÍSICA | |
| fixed length control field | 000396 |
| 008 - ELEMENTOS DE LONGITUD FIJA | |
| fixed length control field | 160718b 2000 nyu a ||||| |||| 00| 0 spa d |
| 020 ## - ISBN | |
| International Standard Book Number | 0439206472 |
| 040 ## - FUENTE DE CATALOGACIÓN | |
| Agencia que crea de manera original el registro | BPMSU |
| Idioma de catalogación | spa |
| Agencia que realiza la transcripción | BPMSU |
| 092 ## - LOCALLY ASSIGNED DEWEY DECIMAL CALL NUMBER | |
| Número de clasificación | xxxxx |
| Número de ítem (Cutter) | xxxxx |
| 100 1# - ASIENTO PRINCIPAL -- NOMBRE PERSONAL | |
| Nombre personal | Snicket, Lemony, |
| Fechas asociadas con el nombre | 1970- |
| 245 10 - MENCIÓN DE TITULO | |
| Título | The bad beginning / |
| Mención de responsabilidad | by Lemony Snicket ; illustrations by Brett Helquist. |
| 260 ## - PUBLICACIÓN, DISTRIBUCIÓN, ETC. (PIE DE IMPRENTA) | |
| Lugar de publicación, distribución, etc | New York : |
| Nombre del editor, distribuidor, etc. | Scholastic, |
| Fecha de publicación, distribución, etc | 2000. |
| 300 ## - DESCRIPCIÓN FÍSICA | |
| Extensión | 162 p. : |
| Otros detalles físicos | il. ; |
| Dimensiones | 19 cm. |
| 490 1# - MENCIÓN DE SERIES | |
| Mención de serie | Unfortunate Events |
| Volume/sequential designation | 1 |
| 700 12 - ASIENTO SECUNDARIO -- NOMBRE PERSONAL | |
| Nombre personal | Helquist, Brett, |
| Mención de responsabilidad | il. |
| 830 #0 - ASIENTO SECUNDARIO DE SERIE--TÍTULO UNIFORME | |
| Nombre de la parte o sección de una obra | Unfortunate Events ; |
| Volume number/sequential designation | 1 |
| 942 ## - ADDED ENTRY ELEMENTS (KOHA) | |
| Source of classification or shelving scheme | Dewey Decimal Classification |
| Koha item type | Libros |
| 945 ## - INFORMACIÓN DE PROCESAMIENTO LOCAL | |
| Información de procesamiento local | Inventariado, 2018/LP |
| 956 ## - LOCAL ELECTRONIC LOCATION AND ACCESS (OCLC) | |
| Nombre de host | LOPEREZ |
| Número de acceso | 10 |
| Información de compresión | 20160718 |
| Trayectoria | 0041 |
| Withdrawn status | Lost status | Source of classification or shelving scheme | Damaged status | Not for loan | Collection code | Home library | Current library | Date acquired | Source of acquisition | Total Checkouts | Barcode | Date last seen | Price effective from | Koha item type |
|---|---|---|---|---|---|---|---|---|---|---|---|---|---|---|
| Dewey Decimal Classification | Colección General | Biblioteca Pública Metropolitana Salomé Ureña | Biblioteca Pública Metropolitana Salomé Ureña | 07/18/2016 | FUNDI | BPMSU16070513 | 07/18/2016 | 07/18/2016 | Libros |